Catalog

Record Details

Catalog Search



Sebevědomí u dětí předškolního a mladšího školního věku : diplomová práce Cover Image Book Book

Sebevědomí u dětí předškolního a mladšího školního věku : diplomová práce vypracovala: Milada Herblichová ; vedoucí práce: PhDr. Ivana Bernardová

Record details

  • Physical Description: 46 s.
  • Publisher: Praha JABOK - Vyšší sociálně pedagogická a teologická škola 1997

Content descriptions

Bibliography, etc. Note:
bibliogr. s. 45

Available copies

  • 1 of 1 copy available at Common Catalog SPOK.

Holds

  • 0 current holds with 1 total copy.
Show Only Available Copies
Location Call Number / Copy Notes Barcode Shelving Location Status Due Date
Jabok Library ABP-0038 424480002047 Absolventské práce Reference -

LDR 00778ntm a22 a 4500
00111378
003CZ-PrJAB
00520020430000000.0
008980212s1997 xr e |||| |cze
009cz
035 . ‡a(CONS)11378
035 . ‡aKPS0004283
040 . ‡a
0410 . ‡acze
10011. ‡72525 ‡aHerblichová, Milada
110 2. ‡aJABOK - Vyšší sociálně pedagogická a teologická škola ‡bPraha
2451 . ‡aSebevědomí u dětí předškolního a mladšího školního věku : ‡bdiplomová práce ‡cvypracovala: Milada Herblichová ; vedoucí práce: PhDr. Ivana Bernardová
260 . ‡aPraha ‡bJABOK - Vyšší sociálně pedagogická a teologická škola ‡bPraha ‡c1997
300 . ‡a46 s.
504 . ‡abibliogr. s. 45
653 . ‡aděti ‡amladší školní věk ‡asebevědomí ‡avývoj psychický
70011. ‡74218 ‡aBernardová, Ivana
999 . ‡a38-d ‡c38-d ‡i424480002047 ‡l ‡tP
910 . ‡aABG312
901 . ‡a11378 ‡bUnknown ‡c11378 ‡tbiblio

Additional Resources